000 00425nam a2200181Ia 4500
001 3225
005 20260306144905.0
008 260306t2008||||xx |||||||||||||| ||spa||
041 _aESP
082 _a262.52
_bC76D 2008
100 _aConferencia Episcopal Peruana
_eAUT
245 0 _aConcilio Vaticano II
260 _c2008
300 _a582 páginas :
_c
650 _aGEN
654 _aCHU
942 _cLIB
_dJUS
_fJUS
_2ddc
_n
999 _c3225
_d3225